Introducción a la microeconomía en viñetas (Registro nro. 241024)

Detalles MARC
000 -ENCABEZADO
Número de control [NR] 00919cam a2200253Mi 4500
005 - FECHA Y HORA DE LA ÚLTIMA TRANSACCIÓN
control field 20140903175101.0
008 - DE LONGITUD FIJA DE DATOS DE ELEMENTOS - INFORMACIÓN GENERAL
Elementos de longitud fija [NR] 140520s2013 sp a fr 000 0 spa d
020 ## - NUMERO INTERNACIONAL NORMALIZADO PARA LIBROS [R]
Número Internacional Normalizado del libro [NR] 9788499923017
040 ## - FUENTE DE CATALOGACION [NR]
Agencia de catalogación original [NR] CO-BoUCM
Idioma de catalogación [NR] spa
Quien Cataloga Jose A. Gerena
Quien Clasifica Jose A. Gerena
041 ## - CODIGO DE IDIOMA [R]
Código de idioma para texto/pista de sonido o título separado [R] Español
100 1# - ASIENTO PRINCIPAL--NOMBRE PERSONAL [NR]
Nombre personal [NR] Klein, Grady
ID Autoridad 61360
245 10 - MENCION DE TITULO [NR]
Título [NR] Introducción a la microeconomía en viñetas
Mención de responsabilidad, etc. [NR] Grady Klein y Yoram Bauman ; traducción de Francisco J. Ramos Mena
260 ## - PUBLICACION, DISTRIBUCION, ETC. (PIE DE IMPRENTA) [R]
Lugar de publicación, distribución, etc. [R] Barcelona (España)
Nombre del editor, distribuidor, etc. [R] Debate
Fecha de publicación, distribución, etc. [R] 2013
300 ## - DESCRIPCION FISICA [R]
Extensión [R] 211 páginas
Otros detalles físicos [NR] ilustraciones
650 #7 - ASIENTO SECUNDARIO DE MATERIA - TERMINO TEMATICO [R]
Término temático o nombre geográfico como elemento de entrada [NR] Microeconomía
9 (RLIN) 19488
650 #7 - ASIENTO SECUNDARIO DE MATERIA - TERMINO TEMATICO [R]
Término temático o nombre geográfico como elemento de entrada [NR] Teoría de los juegos
9 (RLIN) 25291
650 #7 - ASIENTO SECUNDARIO DE MATERIA - TERMINO TEMATICO [R]
Término temático o nombre geográfico como elemento de entrada [NR] Tiras cómicas , historietas, etc.
9 (RLIN) 25477
650 #7 - ASIENTO SECUNDARIO DE MATERIA - TERMINO TEMATICO [R]
Término temático o nombre geográfico como elemento de entrada [NR] Toma de decisiones
9 (RLIN) 25505
690 ## - ASUNTO AGREGADO LOCAL DE ENTRADA - TÉRMINO TEMÁTICO (OCLC, RLIN)
9 (RLIN) 42795
Acceso temático local Economía
700 1# - ASIENTO SECUNDARIO - NOMBRE PERSONAL [R]
Nombre personal [NR] Bauman, Yoram
9 (RLIN) 61361
700 1# - ASIENTO SECUNDARIO - NOMBRE PERSONAL [R]
Nombre personal [NR] Ramos Mena, Francisco J.
Término de relación [R] traductor
9 (RLIN) 61362
942 ## - ELEMENTOS DE ENTRADA AGREGADOS (KOHA)
Tema principal Economía
Tipo de ítem principal el descrito en 300a Libro
Edición 1
Parte restante de la signatura top. K641
Sistema de clasificación DEWEY
Clasificación 338.5
Existencias
Fecha de último préstamo Total préstamos Total Renewals Signatura topográfica Código de barras Última vez visto Ejemplar Costo de reposición Price effective from Tipo de ítem Perdido Sistema de clasificación Dañado No prestable Tipo de ítem específico Suprimido Ubicación habitual Ubicación actual Localización Fecha de creación Proveedor Forma de adquisición Costo
03/06/2023 7 12 338.5 K641 100141904 04/12/2025 Ej.1 34567.00 14/05/2014 Libro   DEWEY     Libro   Claustro Claustro Mezanine 14/05/2014 37 Compra 34567.00
06/02/2024 4   338.5 K641 100142601 04/12/2025 Ej.2 34567.00 21/05/2014 Libro   DEWEY     Libro   Claustro Claustro Mezanine 21/05/2014 37 Compra 34567.00
04/08/2023 4 3 338.5 K641 100142781 10/12/2025 Ej.5 34567.00 17/06/2014 Libro   DEWEY     Libro   Claustro Claustro Mezanine 17/06/2014 37 Compra 34567.00
07/02/2019 3 1 338.5 K641 100142780 10/12/2025 Ej.4 34567.00 17/06/2014 Libro   DEWEY     Libro   Claustro Claustro Mezanine 17/06/2014 37 Compra 34567.00
14/09/2017 2 2 338.5 K641 100142779 10/12/2025 Ej.3 34567.00 17/06/2014 Libro   DEWEY     Libro   Claustro Claustro Mezanine 17/06/2014 37 Compra 34567.00